<?xml version="1.0" encoding="UTF-8"?>
<record
    xmlns:xsi="http://www.w3.org/2001/XMLSchema-instance"
    xsi:schemaLocation="http://www.loc.gov/MARC21/slim http://www.loc.gov/standards/marcxml/schema/MARC21slim.xsd"
    xmlns="http://www.loc.gov/MARC21/slim">

  <leader>00280nam a22001217a 4500</leader>
  <datafield tag="040" ind1=" " ind2=" ">
    <subfield code="c">SY</subfield>
  </datafield>
  <datafield tag="082" ind1=" " ind2=" ">
    <subfield code="a">025</subfield>
  </datafield>
  <datafield tag="100" ind1=" " ind2=" ">
    <subfield code="a">&#x17A0;&#x17CA;&#x17B8;&#x1784; &#x179F;&#x17B6;&#x179B;&#x17B8;&#x1793;</subfield>
  </datafield>
  <datafield tag="245" ind1=" " ind2=" ">
    <subfield code="a">&#x17A0;&#x17B7;&#x179A;&#x1789;&#x17D2;&#x1789;&#x179C;&#x178F;&#x17D2;&#x1790;&#x17BB;&#x1787;&#x1793;&#x1794;&#x1791;</subfield>
  </datafield>
  <datafield tag="260" ind1=" " ind2=" ">
    <subfield code="a">RUA</subfield>
    <subfield code="b">&#x17A0;&#x17CA;&#x17B8;&#x1784;</subfield>
    <subfield code="c">2005</subfield>
  </datafield>
  <datafield tag="300" ind1=" " ind2=" ">
    <subfield code="a">139p.</subfield>
  </datafield>
  <datafield tag="942" ind1=" " ind2=" ">
    <subfield code="c">KB</subfield>
  </datafield>
  <datafield tag="999" ind1=" " ind2=" ">
    <subfield code="c">9072</subfield>
    <subfield code="d">9072</subfield>
  </datafield>
  <datafield tag="952" ind1=" " ind2=" ">
    <subfield code="0">0</subfield>
    <subfield code="1">0</subfield>
    <subfield code="4">0</subfield>
    <subfield code="6">025_000000000000000_&#x17A0;&#x17B8;&#x1784;_2005_C002</subfield>
    <subfield code="7">0</subfield>
    <subfield code="9">50643</subfield>
    <subfield code="a">LBC</subfield>
    <subfield code="b">LBC</subfield>
    <subfield code="c">C002</subfield>
    <subfield code="d">2016-08-24</subfield>
    <subfield code="o">025 &#x17A0;&#x17CA;&#x17B8;&#x1784; 2005 C002</subfield>
    <subfield code="p">RUA44058</subfield>
    <subfield code="r">2016-08-24</subfield>
    <subfield code="y">KB</subfield>
  </datafield>
</record>
